Contribución al estudio de los espacios normales de Bianchi / (Record no. 181232)
[ view plain ]
| 000 -LEADER | |
|---|---|
| campo de control de longitud fija | 01113nam a2200265 i 4500 |
| 001 - NÚMERO DE CONTROL | |
| campo de control | 181232 |
| 003 - IDENTIFICADOR DE NÚMERO DE CONTROL | |
| campo de control | ES-MaACL |
| 005 - FECHA Y HORA DE LA ÚLTIMA TRANSACCIÓN | |
| campo de control | 20250812224328.0 |
| 008 - DATOS DE LONGITUD FIJA--INFORMACIÓN GENERAL | |
| campo de control de longitud fija | 121105s1927 sp | |||| ||spa d |
| 040 ## - FUENTE DE CATALOGACIÓN | |
| Centro/agencia transcriptor | ES-MaACL |
| 080 ## - NÚMERO DE LA CLASIFICACIÓN DECIMAL UNIVERSAL | |
| Número de la Clasificación Decimal Universal | 515.17 |
| 100 1# - ENTRADA PRINCIPAL--NOMBRE DE PERSONA | |
| Nombre de persona | Martínez Sancho, María del Carmen. |
| 9 (RLIN) | 151796 |
| Término indicativo de función/relación | Autor |
| 245 10 - MENCIÓN DEL TÍTULO | |
| Título | Contribución al estudio de los espacios normales de Bianchi / |
| Mención de responsabilidad, etc. | por María del Carmen Martínez Sancho. |
| 260 ## - PUBLICACIÓN, DISTRIBUCIÓN, ETC. | |
| Lugar de publicación, distribución, etc. | Madrid : |
| Nombre del editor, distribuidor, etc. | Junta para Ampliación de Estudios e Investigaciones Científicas, |
| Fecha de publicación, distribución, etc. | 1927 ( |
| Fabricante | Imp. Clásica Española) |
| 300 ## - DESCRIPCIÓN FÍSICA | |
| Extensión | 61 p. ; |
| Dimensiones | 25 cm. |
| 490 1# - MENCIÓN DE SERIE | |
| Mención de serie | Publicaciones del Laboratorio y Seminario Matemático ; |
| Designación de volumen o secuencia | T. 4, memoria 4ª |
| 504 ## - NOTA DE BIBLIOGRAFÍA, ETC. | |
| Nota de bibliografía, etc. | Bibliografía: p. [63] |
| 650 #4 - PUNTO DE ACCESO ADICIONAL DE MATERIA--TÉRMINO DE MATERIA | |
| Término de materia o nombre geográfico como elemento de entrada | Espacios analíticos. |
| 9 (RLIN) | 151797 |
| 710 2# - ENTRADA AGREGADA--NOMBRE DE ENTIDAD CORPORATIVA | |
| Nombre de entidad corporativa o nombre de jurisdicción como elemento de entrada | Junta para la Ampliación de Estudios e Investigaciones Científicas. |
| 9 (RLIN) | 5413 |
| 830 00 - PUNTO DE ACCESO ADICIONAL DE SERIE-TÍTULO UNIFORME | |
| Título uniforme | Publicaciones del Laboratorio y Seminario Matemático |
| Designación de volumen o secuencia | T. 4, memoria 4ª |
| 9 (RLIN) | 191411 |
| 852 ## - LOCALIZACIÓN | |
| Ubicación | ES-MaACL |
| Número de control de estantería | B-13179(4) |
| Encuadernación | Enc. vol. facticio |
| 942 ## - ELEMENTOS DE ENTRADA SECUNDARIOS (KOHA) | |
| Tipo de ítem Koha | Libro impreso |
| Suprimir en OPAC | No |
| Estatus retirado | Estado de pérdida | Estado de daño | No para préstamo | Biblioteca de origen | Biblioteca actual | Ubicación en estantería | Fecha de adquisición | Fuente de adquisición | Total de préstamos | Signatura topográfica completa | Código de barras | Visto por última vez | Precio de reemplazo | Tipo de ítem Koha |
|---|---|---|---|---|---|---|---|---|---|---|---|---|---|---|
| Biblioteca del Ateneo de Madrid | Biblioteca del Ateneo de Madrid | Sala Pardo Bazán | 05/11/2012 | B-13179(4) | 1190450 | 23/02/2023 | 23/02/2023 | Libro impreso |
